00830nam a22002417a 45000010005000000030006000050050017000110080041000280200015000690400029000840500013001130820011001261000018001372450043001552600046001983000048002445050008002925200178003005210029004785210020005076500036005277000025005634906FISKH20241023144024.0241023b cb ||||| |||| 00| 0 eng d a086706000X aFISKHbengcFISKHdFISKH aGC21.S64 a551.46 aSmith, Sandra aDiscovering the sea /cby Sandra Smith aEngland :bStonehenge Press Inc ;c1981 . a96 pages : billustrations, maps ;c26 cm . aU  aExamines physical aspects of the sea, including its floor, waves, tides, and currents, describes marine life, and explores the sea as a source of food, energy, and minerals.8 a820 bLexile estimate 8 aU bRaz-Plus  aoceanvChildren's Science Books aBowen , Ezraeeditor